Life's Handicap : (Record no. 235105)
[ view plain ]
| 000 -LEADER | |
|---|---|
| fixed length control field | 01480cam a22002653a 4500 |
| 001 - CONTROL NUMBER | |
| control field | 5777 |
| 003 - CONTROL NUMBER IDENTIFIER | |
| control field | PGUSA |
| 005 - DATE AND TIME OF LATEST TRANSACTION | |
| control field | 20140828083124.0 |
| 008 - FIXED-LENGTH DATA ELEMENTS--GENERAL INFORMATION | |
| fixed length control field | 040501s2004||||xxu|||||s|||||000 1 eng d |
| 040 ## - CATALOGING SOURCE | |
| Original cataloging agency | PGUSA |
| Language of cataloging | eng |
| 042 ## - AUTHENTICATION CODE | |
| Authentication code | dc |
| 050 #4 - LIBRARY OF CONGRESS CALL NUMBER | |
| Classification number | PR |
| 100 1# - MAIN ENTRY--PERSONAL NAME | |
| Personal name | Kipling, Rudyard, |
| Dates associated with a name | 1865-1936 |
| 245 10 - TITLE STATEMENT | |
| Title | Life's Handicap : |
| Remainder of title | Being Stories of Mine Own People |
| Medium | [electronic resource] / |
| Statement of responsibility, etc | Rudyard Kipling |
| 260 ## - PUBLICATION, DISTRIBUTION, ETC. (IMPRINT) | |
| Name of publisher, distributor, etc | Project Gutenberg, |
| Date of publication, distribution, etc | 2004 |
| 505 0# - FORMATTED CONTENTS NOTE | |
| Formatted contents note | The Lang men o' Larut -- Reingelder and the German flag -- The wandering Jew -- Through the fire -- The finances of the gods -- The amir's homily -- Jews in Shushan -- The limitations of Pambé Serang -- Little Tobrah -- Bubbling Well Road -- 'The city of dreadful night' -- Georgie Porgie -- Naboth -- The dream of Duncan Parrenness -- The incarnation of Krishna Mulvaney -- The courting of Dinah Shadd -- On Greenhow Hill -- The man who was -- The head of the district -- Without benefit of clergy -- At the end of the passage -- The mutiny of the mavericks -- The mark of the beast -- The return of Imray -- Namgay Doola -- Bertran and Bimi -- Moti Guj: mutineer. |
| 506 ## - RESTRICTIONS ON ACCESS NOTE | |
| Terms governing access | Public domain in the USA. |
| 516 ## - TYPE OF COMPUTER FILE OR DATA NOTE | |
| Type of computer file or data note | Electronic text |
| 653 ## - INDEX TERM--UNCONTROLLED | |
| Uncontrolled term | India -- Social life and customs -- Fiction |
| 653 ## - INDEX TERM--UNCONTROLLED | |
| Uncontrolled term | India -- History -- British occupation, 1765-1947 -- Fiction |
| 653 ## - INDEX TERM--UNCONTROLLED | |
| Uncontrolled term | Short stories, English |
| 830 #0 - SERIES ADDED ENTRY--UNIFORM TITLE | |
| Uniform title | Project Gutenberg |
| Volume number/sequential designation | 5777 |
| 856 40 - ELECTRONIC LOCATION AND ACCESS | |
| Uniform Resource Identifier | <a href="http://www.gutenberg.org/ebooks/5777">http://www.gutenberg.org/ebooks/5777</a> |
| 942 ## - ADDED ENTRY ELEMENTS (KOHA) | |
| Koha item type | eBooks |
| Withdrawn status | Lost status | Damaged status | Home library | Current library | Date acquired | Total Checkouts | Date last seen | Price effective from | Koha item type |
|---|---|---|---|---|---|---|---|---|---|
| Project Gutenberg | Project Gutenberg | 08/28/2014 | 08/28/2014 | 08/28/2014 | eBooks |